00798nam a2200169Ia 4500008004100000020001800041050001900059100002800078245008100106260002600187300002000213500014300233650001900376952010800395952010800503999001700611120721s9999 xx 000 0 und d a970-676-775-4 aHD409 L66 2005 aLópez Lozano, Eduardo a432 preguntas y respuestas sobre sueldos y salarios / Eduardo López Lozano aMéxico : ISEF, 2005 a314 p. ; 21 cm. a"Contiene información actualizada conforme a disposiciones legales y administrativas publicadas en el D.O.F. hasta el 30 de junio 2005". a1. SalariosÌ 00104070a08b08d2008-12-17l3oHD409 L66 2005p08 001729r2018-07-23s2018-07-23t1w2012-07-20yLB 00104070a08b08d2009-03-19l6oHD409 L66 2005p08 001730r2015-05-25s2015-05-25t2w2012-07-20yLB c81874d81874